Study SKills for Colleges and Universities in Africa. (Record no. 919)

MARC details
000 -LEADER
fixed length control field 00391nam a22001217a 4500
005 - DATE AND TIME OF LATEST TRANSACTION
control field 20200819162852.0
008 - FIXED-LENGTH DATA ELEMENTS--GENERAL INFORMATION
fixed length control field 200819b ||||| |||| 00| 0 eng d
020 ## - INTERNATIONAL STANDARD BOOK NUMBER
International Standard Book Number 0582642183
040 ## - CATALOGING SOURCE
Transcribing agency CML
245 ## - TITLE STATEMENT
Title Study SKills for Colleges and Universities in Africa.
Statement of responsibility, etc. Montgomercy, M.
260 ## - PUBLICATION, DISTRIBUTION, ETC.
Place of publication, distribution, etc. Hong Kong
Name of publisher, distributor, etc. Longman Group (FE) Ltd
Date of publication, distribution, etc. 1982
942 ## - ADDED ENTRY ELEMENTS (KOHA)
Source of classification or shelving scheme Dewey Decimal Classification
Koha item type Books
Edition 1st Edition
Classification part 371
Call number suffix MON
Holdings
Withdrawn status Lost status Source of classification or shelving scheme Damaged status Not for loan Collection code Home library Current library Shelving location Date acquired Total Checkouts Full call number Barcode Date last seen Copy number Price effective from Koha item type
    Dewey Decimal Classification     Social Sciences Chalimbana Main Library Chalimbana Main Library Social Sciences 08/19/2020   371.302812 MON 9780582642188 08/19/2020 1 08/19/2020 Books

Powered by Koha